| 000 | 00409nam a2200133Ia 4500 | ||
|---|---|---|---|
| 008 | 220204s9999 xx 000 0 und d | ||
| 082 |
_a62+574 _bADV.2 |
||
| 245 | 0 | _aAdvances in environmental science and engineering. V 2. Resource management. | |
| 260 |
_aNew York _bGordon & Breach _c1979 |
||
| 650 | _aEnvironmental engineering | ||
| 700 | _aPFAFFLIN, James R | ||
| 700 | _aZIEGLER, Edward N | ||
| 942 | _cBK | ||
| 999 |
_c34443 _d34443 |
||